Statystyki dla Piłkarze według kraju

Kliknij tutaj aby rozwiązać quiz!

Ogólne statystyki

  • Ten quiz został rozwiązany 43 razy
  • Średni wynik to 23 z 27

Statystyki odpowiedzi

GraczeKraj% Poprawnych
Kylian MbappéFrancja
100%
Lionel MessiArgentyna
98%
PeléBrazylia
98%
Gerd MüllerNiemcy
98%
Wayne RooneyAnglia
95%
Zlatan IbrahimovicSzwecja
93%
Gareth BaleWalia
93%
Johan CruyffHolandia
90%
Cristiano RonaldoPortugalia
90%
Roberto BaggioWłochy
90%
Luka ModrićChorwacja
88%
Andriy ShevchenkoUkraina
88%
Mohamed SalahEgipt
86%
Edinson CavaniUrugwaj
86%
Pavel NedvědCzechy
81%
David VillaHiszpania
81%
Arturo VidalChile
79%
Samuel Eto'oKamerun
79%
James RodríguezKolumbia
79%
Christian PulisicStany Zjednoczone
79%
Robbie KeaneIrlandia
76%
George BestIrlandia Północna
74%
Sadio ManéSenegal
74%
Didier DrogbaWybrzeże Kości Słoniowej
74%
Giorgos KaragounisGrecja
69%
Kenny DalglishSzkocja
69%
George WeahLiberia
62%

Rozkład punktacji

Percentyl według liczby udzielonych odpowiedzi

Procent ludzi z każdym wynikiem

Twoja historia wyników

Nie rozwiązałeś tego quizu